01589nam a2200433Ia 4500001001200000003000800012006001900020007001500039008004100054010001700095020001800112020001800130020002000148020002000168040002100188035002100209050002300230082001400253245014700267260004400414300001600458504005100474533015200525650003200677650001900709650002300728650002300751650002100774650003600795650004000831650001700871650002700888650002100915655002900936700002800965710001700993856012601010999001901136ebr10057311CaPaEBRm u cr cn|||||||||970508s1997 enk sb 001 0 eng d z 97015836  z9780415153645 z9780203135327 z0415153638 (hb) z0415153646 (pb) aCaPaEBRcCaPaEBR a(OCoLC)23634076314aHM110b.B68 1997eb04a306.422100aBody talkh[electronic resource] :bthe material and discursive regulation of sexuality, madness and reproduction /cedited by Jane M. Ussher. aLondon ;aNew York :bRoutledge,c1997. axii, 254 p. aIncludes bibliographical references and index. aElectronic reproduction.bPalo Alto, Calif. :cebrary,d2009.nAvailable via World Wide Web.nAccess may be limited to ebrary affiliated libraries. 0aHuman bodyxSocial aspects. 0aMind and body. 0aWomenxPsychology. 0aWomenxPhysiology. 0aSex (Psychology) 0aMental illnessxSocial aspects. 0aHuman reproductionxSocial aspects. 0aMaterialism. 0aDiscursive psychology. 0aFeminist theory. 7aElectronic books.2local1 aUssher, Jane M.,d1961-2 aebrary, Inc.40uhttp://site.ebrary.com/lib/rucke/Doc?id=10057311zAn electronic book accessible through the World Wide Web; click to view c172633d172633